Системотехнические принципы и аппаратно-программные средства для построения интегрированных систем оповещения; Приборы; № 12
| Parent link: | Приборы: научный журнал.— , 2000- № 12.— 2012.— [С. 39-46] |
|---|---|
| Hovedforfatter: | |
| Institution som forfatter: | |
| Andre forfattere: | |
| Summary: | Заглавие с экрана Рассматриваются основные свойства территориально-распределенных систем оповещения, мониторинга и связи, системотехнические принципы и аппаратно-программные средства для их построения. Режим доступа: по договору с организацией-держателем ресурса |
| Sprog: | russisk |
| Udgivet: |
2012
|
| Fag: | |
| Online adgang: | http://elibrary.ru/item.asp?id=18831764 |
| Format: | Electronisk Book Chapter |
| KOHA link: | https://koha.lib.tpu.ru/cgi-bin/koha/opac-detail.pl?biblionumber=645468 |
MARC
| LEADER | 00000nla0a2200000 4500 | ||
|---|---|---|---|
| 001 | 645468 | ||
| 005 | 20250324162809.0 | ||
| 035 | |a (RuTPU)RU\TPU\network\10552 | ||
| 090 | |a 645468 | ||
| 100 | |a 20151221d2012 k||y0rusy50 ca | ||
| 101 | 0 | |a rus | |
| 102 | |a RU | ||
| 135 | |a drgn ---uucaa | ||
| 181 | 0 | |a i | |
| 182 | 0 | |a b | |
| 200 | 1 | |a Системотехнические принципы и аппаратно-программные средства для построения интегрированных систем оповещения |f М. А. Сонькин, В. З. Ямпольский | |
| 203 | |a Текст |c электронный | ||
| 300 | |a Заглавие с экрана | ||
| 320 | |a [Библиогр.: с. 46 (5 назв.)] | ||
| 330 | |a Рассматриваются основные свойства территориально-распределенных систем оповещения, мониторинга и связи, системотехнические принципы и аппаратно-программные средства для их построения. | ||
| 333 | |a Режим доступа: по договору с организацией-держателем ресурса | ||
| 461 | |t Приборы |o научный журнал |d 2000- | ||
| 463 | |t № 12 |v [С. 39-46] |d 2012 | ||
| 610 | 1 | |a электронный ресурс | |
| 610 | 1 | |a труды учёных ТПУ | |
| 610 | 1 | |a оповещение | |
| 610 | 1 | |a мониторинг | |
| 610 | 1 | |a связи | |
| 610 | 1 | |a микропроцессоры | |
| 700 | 1 | |a Сонькин |b М. А. |c специалист в области информатики и вычислительной техники |c профессор Томского политехнического университета, доктор технических наук |f 1954- |g Михаил Аркадьевич |3 (RuTPU)RU\TPU\pers\25548 | |
| 701 | 1 | |a Ямпольский |b В. З. |c специалист в области электротехники |c главный научный сотрудник Томского политехнического университета, доктор технических наук |f 1938- |g Владимир Захарович |3 (RuTPU)RU\TPU\pers\12100 | |
| 712 | 0 | 2 | |a Национальный исследовательский Томский политехнический университет (ТПУ) |b Институт кибернетики (ИК) |b Кафедра информатики и проектирования систем (ИПС) |3 (RuTPU)RU\TPU\col\18697 |
| 801 | 2 | |a RU |b 63413507 |c 20161216 |g RCR | |
| 856 | 4 | |u http://elibrary.ru/item.asp?id=18831764 | |
| 942 | |c CF | ||